Das Spiderman Quiz - Statistiken

Allgemein
  • Dieses Quiz wurde 705 mal gespielt
  • Das Durchschnittsergebnis liegt bei 12 aus 21
Antwortstatistiken
Hinweis Antwort % Korrekt
Seine geheime Identität Peter Parker
94%
Stadt, in der er lebt New York City
87%
Schauspieler, die Spider-Man gespielt haben Tom Holland
86%
Mit großer Macht kommt ... Große Verantwortung
79%
Seine Tante Tante May
79%
Schauspieler, die Spider-Man gespielt haben Andrew Garfield
73%
Sein Onkel Onkel Ben
68%
Schurke Grüner Kobold
67%
Schauspieler, die Spider-Man gespielt haben Tobey Maguire
65%
Schurke Sandman
58%
Sein bester Freund Harry Osborn
56%
Schurke Doktor Octopus
52%
Schurke Venom
52%
Schurke Electro
51%
Firma, die vom oben genannten geerbt wurde Oscorp
43%
Seine Liebesinteressen Mary Jane Watson
41%
Zeitung, bei der er arbeitet Daily Bugle
39%
Schurke Echse
33%
Seine Liebesinteressen Gwen Stacy
32%
Schurke Rhino
28%
Schurke Geier
25%
Keine übereinstimmenden Quizze gefunden
Verteilung der Resultate
Anzahl Personen mit jedem Resultat
Perzentil nach korrekt beantworteten Fragen
Ihre Resultats-Entwicklung
Sie haben dieses Quiz noch nicht gespielt